Лисица на чердаке. Деревянная пастушка. (Запис № 320728)

МАРК-запис
000 -Лідер
fixed length control field 00647nam a22002297a 4500
003 - Ідентифікатор контрольного номера
control field UA-OsUOA
001 - Контрольний номер
control field 34293
007 - Фіксоване поле фізичного опису
fixed length control field ta
008 - Елементи даних фіксованої довжини – загальна інформація
fixed length control field 20050927b un ||||| |||| 00| 0 ukr d
090 ## - Локальний шифр розміщення
Класифікаційний індекс УДК 821.111
Авторський знак (НП) Х98
040 ## - Джерело каталогізації
Агенція оригінальної каталогізації UA-OsUOA
Мова каталогізації rus
Агенція, яка здійснювала перезапис UA-OsUOA
Агенція, яка здійснювала модифікацію UA-OsUOA
041 ## - Код мови
Код мови тексту/ звукової доріжки чи окремого заголовка (П) rus
080 ## - Індекс Універсальної десяткової класифікації
Індекс Універсальної десяткової класифікації (УДК) (НП) 821.111
100 ## - Основне введення – ім’я особи
Ім’я особи (НП) Хьюз Ричард
245 ## - Відомості про назву
Назва (НП) Лисица на чердаке. Деревянная пастушка.
Решта назви (НП) Романы
260 ## - Публікація, розповсюдження і т.п. (Вихідні дані)
Місце публікації, розповсюдження і т.п. (П) Кишинев
Ім’я/ наймення видавництва, розповсюджувача і т.п. (П) Лумина
Дата публікації, розповсюдження і т.п. (П) 1981
300 ## - Фізичний опис
Обсяг 544 с.
650 #7 - Додаткове предметне введення – тематичний термін
Тематичний термін чи географічна назва, як елемент введення (НП) 82 Література. Літературознавство
Джерело заголовка чи терміна UDC
942 ## - Додаткові елементи входу (Коха)
Тип елемента Koha Книги
955 ## - Код типу видання за змістом
Код типу видання за змістом (НП) Літературно-художні видання
Фонди
Стан вилучень Стан втрат Джерело класифікації або схеми стелажів Стан уражень Не для кредиту Постійне місце розташування Поточне розміщення Дата придбання Інвентарний номер Усього замовленно Повний номер виклику Штрих-код Дата останнього перегляду Ціна ефективна від Тип елемента Koha Джерело придбання Вартість, звичайна ціна покупки
    Universal Decimal Classification     АБ - Абонемент НБ АБ - Абонемент НБ 29/05/2013 41377   821.111 Х98 41377 29/04/2022 27/09/2005 Книги    
    Universal Decimal Classification     АБ - Абонемент НБ АБ - Абонемент НБ 27/09/2005 87240   821.111 Х98 87240 29/04/2022 27/09/2005 Книги 112/2005 7.00